| 000 | 00453nam a2200121Ia 4500 | ||
|---|---|---|---|
| 008 | 171212s9999 xx 000 0 und d | ||
| 020 | _a9780833051295 | ||
| 100 | _aNational Defense Research Institute, | ||
| 245 |
_cNational Defense Research Institute, _aSexual Orientation and U.S. Military Personnel Policy _bAn Update of RAND's 1993 Study |
||
| 260 |
_bRAND Corporation _c2010 |
||
| 650 | _aHistory | ||
| 856 | _uwww.jstor.org/stable/10.7249/mg1056osd | ||
| 999 |
_c352534 _d352534 |
||